[Event "EU-ch U12 Girls 26th"]
[Site "Prague"]
[Date "2016.08.22"]
[Round "5"]
[White "Rzali, Sabina"]
[Black "Kasaeva, Sofiia"]
[Result "1-0"]
[WhiteElo "1719"]
[BlackElo "1514"]
[PlyCount "75"]
[EventDate "2016.08.18"]
[EventType "swiss"]
[EventRounds "9"]
[EventCountry "CZE"]
[SourceTitle "CBM 174 Extra"]
[Source "ChessBase"]
[SourceDate "2016.10.10"]
[SourceVersion "1"]
[SourceVersionDate "2016.10.10"]
[SourceQuality "1"]

1. e4 e5 2. Nf3 Nc6 3. Bb5 a6 4. Ba4 Nge7 5. c3 g6 6. 0-0 Bg7 7. Re1 0-0 8. d4 b5 9. Bc2 exd4 10. cxd4 d6 11. h3 h6 12. d5 Na5 13. Nd4 Nc4 14. Nc3 Kh7 15. Rb1 Bd7 16. Nce2 f5 17. exf5 Nxf5 18. Ne6 Bxe6 19. dxe6 Ne5 20. f4 Nc4 21. g4 Nh4 22. Qd3 Qf6 23. Qg3 Qe7 24. Nc3 c6 25. Ne4 Bd4+ 26. Kh1 d5 27. Nd2 Nxd2 28. Bxd2 Rae8 29. Bd3 Bf6 30. g5 hxg5 31. fxg5 Nf5 32. Bxf5 gxf5 33. gxf6 Qxf6 34. Bg5 Qg6 35. Qh4+ Kg8 36. Rg1 Qxe6 37. Bh6+ Kh8 38. Bxf8+ 1-0

[Event "EU-ch U12 Girls 26th"]
[Site "Prague"]
[Date "2016.08.18"]
[Round "1"]
[White "Kasaeva, Sofiia"]
[Black "Garifullina, Leya"]
[Result "1/2-1/2"]
[WhiteElo "1514"]
[BlackElo "1906"]
[PlyCount "65"]
[EventDate "2016.08.18"]
[EventType "swiss"]
[EventRounds "9"]
[EventCountry "CZE"]
[SourceTitle "CBM 174 Extra"]
[Source "ChessBase"]
[SourceDate "2016.10.10"]
[SourceVersion "1"]
[SourceVersionDate "2016.10.10"]
[SourceQuality "1"]

1. e4 c5 2. Nf3 d6 3. d4 cxd4 4. Nxd4 Nf6 5. Nc3 a6 6. Be2 e5 7. Nb3 Be6 8. 0-0 Be7 9. Bg5 Nbd7 10. Bf3 h6 11. Be3 0-0 12. Nc1 Rc8 13. Nd3 Nb6 14. Bxb6 Qxb6 15. Rb1 Rfd8 16. Kh1 Qc7 17. Nb4 Qa5 18. a3 Bc4 19. Be2 Be6 20. Qd2 d5 21. exd5 Nxd5 22. Nbxd5 Bxd5 23. Qe3 Bg5 24. Qg3 Bf4 25. Qh3 Bc6 26. Bd3 g6 27. Bxg6 fxg6 28. Qe6+ Kf8 29. Qf6+ Ke8 30. Qe6+ Kf8 31. Qf6+ Kg8 32. Qe6+ Kh7 33. Qf7+ 1/2-1/2

[Event "EU-ch U10 Girls 25th"]
[Site "Porec"]
[Date "2015.09.29"]
[Round "8"]
[White "Stepanyan, Eva"]
[Black "Kasaeva, Sofiia"]
[Result "1/2-1/2"]
[WhiteElo "1611"]
[BlackElo "1533"]
[PlyCount "54"]
[EventDate "2015.09.21"]
[EventType "swiss"]
[EventRounds "9"]
[EventCountry "CRO"]
[SourceTitle "EXT 2016"]
[Source "ChessBase"]
[SourceDate "2015.10.08"]
[SourceVersion "1"]
[SourceVersionDate "2015.10.08"]
[SourceQuality "1"]

1. e4 e5 2. Nf3 Nf6 3. Nxe5 d6 4. Nf3 Nxe4 5. Nc3 Nxc3 6. dxc3 Be7 7. Be3 Nc6 8. Qd2 Be6 9. 0-0-0 Qd7 10. Kb1 a6 11. Be2 0-0-0 12. Nd4 Nxd4 13. Qxd4 Bf6 14. Qb4 Qc6 15. Rhg1 Bd5 16. Bg4+ Kb8 17. g3 Bf3 18. Bxf3 Qxf3 19. Rd3 Qh5 20. h4 Qb5 21. Qxb5 axb5 22. Rd5 c6 23. Rd2 Rhe8 24. a3 d5 25. Re1 Kc8 26. Red1 h6 27. Rd3 Re6 1/2-1/2

[Event "EU-ch U10 Girls 25th"]
[Site "Porec"]
[Date "2015.09.25"]
[Round "5"]
[White "Kasaeva, Sofiia"]
[Black "Kirchei, Viktoriia"]
[Result "1/2-1/2"]
[WhiteElo "1533"]
[BlackElo "1714"]
[PlyCount "111"]
[EventDate "2015.09.21"]
[EventType "swiss"]
[EventRounds "9"]
[EventCountry "CRO"]
[SourceTitle "EXT 2016"]
[Source "ChessBase"]
[SourceDate "2015.10.08"]
[SourceVersion "1"]
[SourceVersionDate "2015.10.08"]
[SourceQuality "1"]

1. e4 Nf6 2. e5 Nd5 3. d4 d6 4. c4 Nb6 5. exd6 cxd6 6. Nc3 g6 7. Be3 Bg7 8. b3 0-0 9. Rc1 Bf5 10. Nf3 d5 11. c5 Nc8 12. Be2 Nc6 13. Bf4 Bg4 14. 0-0 a6 15. h3 Bxf3 16. Bxf3 e6 17. Ne2 Re8 18. Be3 N8e7 19. Ng3 Rc8 20. Qd2 Qd7 21. Rfd1 Red8 22. a3 h5 23. b4 h4 24. Ne2 Nf5 25. Bg4 Nxe3 26. Qxe3 Qe7 27. Rc2 Rc7 28. Rcd2 Kh7 29. Qd3 Bh6 30. Rc2 e5 31. dxe5 Nxe5 32. Qd4 f5 33. Bf3 Nxf3+ 34. gxf3 Qg5+ 35. Kh1 Re7 36. Rg1 Qh5 37. Qd3 Rde8 38. a4 Re5 39. b5 axb5 40. axb5 Rc8 41. c6 bxc6 42. bxc6 Rc7 43. Nd4 f4 44. Nb5 Rc8 45. c7 Re7 46. Rgc1 Qe5 47. Rc6 Qg7 48. Qc2 d4 49. Nxd4 Re5 50. Rc5 Rxc5 51. Qxc5 Qd7 52. Kg2 Bf8 53. Qc4 Ba3 54. Rc2 Bd6 55. Ne6 Qe7 56. Kf1 1/2-1/2